| 000 | 00724nam a2200181 a 4500 | ||
|---|---|---|---|
| 008 | 101026s2006 ||||||||||||||||| || u | ||
| 020 | _a9780273651772 | ||
| 050 | _aHF 5549.5 Edw | ||
| 100 | _aRees, Chris | ||
| 245 | 1 | 0 | _aInternational human resource management: globalization, national systems and multinational companies |
| 260 |
_aEssex: _bPearson Educational _c2006 |
||
| 300 | _axx, 310p.: ill. | ||
| 350 | _a0.00 | ||
| 650 | _aINTERNATIONAL BUSINESS ENTERPRISES--PERSONNEL MANAGEMENT | ||
| 650 | 0 | _aMANAGEMENT | |
| 700 | _aEdwards, Tony | ||
| 995 |
_D0.00 _FCBU-MAIN LIBRARY (Kitwe) _H1 _I0.00 _M1 _UAVAILABLE _WJan 10, 2011 _ZMain Library Open Access Collection |
||
| 999 |
_c47397 _d47397 |
||